Lãng mạn tình thơ

Zapisane w:
Opis bibliograficzny
1. autor: Nguyễn, Cần Thơ
Format: Książka
Język:Undetermined
Wydane: Hà Nội Hội nhà văn 2020
Hasła przedmiotowe:
Etykiety: Dodaj etykietę
Nie ma etykietki, Dołącz pierwszą etykiete!
Thư viện lưu trữ: Trung tâm Học liệu Trường Đại học Cần Thơ
LEADER 00543nam a2200193Ia 4500
001 CTU_239783
008 210402s9999 xx 000 0 und d
020 |c 99000 
082 |a 895.9221008 
082 |b Th460 
100 |a Nguyễn, Cần Thơ 
245 0 |a Lãng mạn tình thơ 
245 0 |c Nguyễn Cần Thơ 
260 |a Hà Nội 
260 |b Hội nhà văn 
260 |c 2020 
650 |a Thơ Việt Nam,Vietnamese poetry 
910 |b nthai 
980 |a Trung tâm Học liệu Trường Đại học Cần Thơ